[Event "Open 2003 des PSV Rostock"]
[Site "Rostock"]
[Date "2003.08.29"]
[Round "3.10"]
[White "Dankesreiter, Arne"]
[Black "Schoenrock, Ruediger"]
[Result "1/2-1/2"]
[WhiteElo "1995"]
[BlackElo "2203"]
[PlyCount "57"]
[EventDate "2003.08.28"]
[EventType "swiss"]
[EventRounds "7"]
[EventCountry "GER"]
[Source "Th. Schwetlick"]
[SourceDate "2003.08.28"]

1. b3 d5 2. Bb2 Bg4 3. Nf3 Bxf3 4. gxf3 e6 5. e3 Qh4 6. f4 Nd7 7. Rg1 Qxh2 8.
Rxg7 Ngf6 9. Rg3 Rg8 10. Rh3 Qg1 11. Nc3 O-O-O 12. Ne2 Qg6 13. Ng3 Bg7 14. Bd3
Ne4 15. Bxg7 Qxg7 16. Nxe4 dxe4 17. Bf1 e5 18. f5 Nf6 19. Qe2 Qg5 20. O-O-O
Qxf5 21. f3 Qg6 22. fxe4 Nxe4 23. Qh2 Rg7 24. Bd3 f5 25. Rh6 Qg3 26. Bxe4 fxe4
27. Qxg3 Rxg3 28. Rxh7 b5 29. Re7 1/2-1/2

[Event "Open 2003 des PSV Rostock"]
[Site "Rostock"]
[Date "2003.08.29"]
[Round "3.11"]
[White "Giese, Guido"]
[Black "Priebe, Jan"]
[Result "1/2-1/2"]
[WhiteElo "2023"]
[BlackElo "2181"]
[PlyCount "121"]
[EventDate "2003.08.28"]
[EventType "swiss"]
[EventRounds "7"]
[EventCountry "GER"]
[Source "Th. Schwetlick"]
[SourceDate "2003.08.28"]

1. Nc3 Nc6 2. e4 d6 3. d4 g6 4. Be3 Bg7 5. h3 e5 6. Nf3 exd4 7. Nxd4 Nxd4 8.
Bxd4 Nf6 9. Bc4 O-O 10. O-O Re8 11. Re1 c6 12. a4 Be6 13. Qd3 Qc7 14. Rad1 a6
15. b4 b5 16. Bxe6 Rxe6 17. a5 Rae8 18. f4 Qe7 19. Bf2 Qc7 20. Bd4 d5 21. Be5
Qa7+ 22. Qe3 Qxe3+ 23. Rxe3 dxe4 24. Rd4 Nd5 25. Nxd5 Bxe5 26. fxe5 cxd5 27.
Rxd5 Rxe5 28. Rd6 R5e6 29. Rd4 Kg7 30. c4 bxc4 31. Rxc4 f5 32. Rc7+ R8e7 33.
Rec3 Kf6 34. Rxe7 Rxe7 35. Rc6+ Ke5 36. Rxa6 Rb7 37. Ra8 Rxb4 38. a6 Kf4 39. a7
Ra4 40. Kh2 h5 41. Rg8 Rxa7 42. Rxg6 e3 43. Re6 h4 44. Rh6 e2 45. Re6 Ra2 46.
Re8 Kg5 47. Kg1 Kf4 48. Kh2 Kg5 49. Kg1 Kf6 50. Re3 f4 51. Re8 Kf5 52. Re7 f3
53. gxf3 Kf4 54. Kf2 e1=Q+ 55. Kxe1 Kxf3 56. Rf7+ Kg3 57. Rg7+ Kxh3 58. Kf1 Ra3
59. Kg1 Rg3+ 60. Rxg3+ hxg3 61. Kh1 1/2-1/2

[Event "Open 2003 des PSV Rostock"]
[Site "Rostock"]
[Date "2003.08.29"]
[Round "3.12"]
[White "Rudolf, Henrik"]
[Black "Van Bentum, Horst"]
[Result "1-0"]
[WhiteElo "2316"]
[BlackElo "2090"]
[PlyCount "107"]
[EventDate "2003.08.28"]
[EventType "swiss"]
[EventRounds "7"]
[EventCountry "GER"]
[Source "Th. Schwetlick"]
[SourceDate "2003.08.28"]

1. e4 e5 2. Nf3 Nc6 3. Bb5 a6 4. Ba4 Nf6 5. O-O Be7 6. Re1 b5 7. Bb3 d6 8. c3
O-O 9. h3 Na5 10. Bc2 c5 11. d4 Qc7 12. Nbd2 Nc6 13. d5 Nd8 14. a4 Rb8 15. axb5
axb5 16. b4 c4 17. Nf1 Ne8 18. N3h2 g6 19. f4 exf4 20. Bxf4 f6 21. Nf3 Nf7 22.
Nd4 Ng7 23. Nc6 Rb7 24. Qd4 Ne5 25. Ra6 Bd8 26. Kh1 Bd7 27. Rea1 Re8 28. Ne3
Kh8 29. Nxd8 Rxd8 30. Rf1 Kg8 31. Bd1 Rf8 32. Bh6 Rf7 33. g4 Bc8 34. Be2 Ne8
35. Rfa1 Qd8 36. h4 Ng7 37. Rg1 Rb8 38. Ra5 Qb6 39. Qd2 Ra7 40. Nxc4 Nxc4 41.
Bxc4 Rxa5 42. bxa5 Qxa5 43. Bb3 b4 44. c4 Qa3 45. Qc2 Bd7 46. Be3 Ba4 47. Rb1
Bxb3 48. Rxb3 Qa1+ 49. Kg2 Ra8 50. Qb1 f5 51. Qxa1 Rxa1 52. Rxb4 fxe4 53. Rb8+
Kf7 54. Rb7+ 1-0

[Event "Open 2003 des PSV Rostock"]
[Site "Rostock"]
[Date "2003.08.29"]
[Round "3.13"]
[White "Schinke, Andreas"]
[Black "Kripfganz, Sebastian"]
[Result "1-0"]
[WhiteElo "2072"]
[BlackElo "1764"]
[PlyCount "35"]
[EventDate "2003.08.28"]
[EventType "swiss"]
[EventRounds "7"]
[EventCountry "GER"]
[Source "Th. Schwetlick"]
[SourceDate "2003.08.28"]

1. e4 c5 2. c3 e6 3. d4 cxd4 4. cxd4 d5 5. e5 Bd7 6. Nf3 Qb6 7. Nc3 Bb4 8. Bd2
Ne7 9. Bd3 O-O 10. Bxh7+ Kxh7 11. Ng5+ Kg8 12. Qh5 Re8 13. Qh7+ Kf8 14. Qh8+
Ng8 15. Nh7+ Ke7 16. Bg5+ f6 17. Qxg7+ Kd8 18. exf6 1-0

[Event "Open 2003 des PSV Rostock"]
[Site "Rostock"]
[Date "2003.08.29"]
[Round "3.14"]
[White "Vladov, Mark"]
[Black "Oldach, Ehrenfried"]
[Result "0-1"]
[WhiteElo "1735"]
[BlackElo "2057"]
[PlyCount "72"]
[EventDate "2003.08.28"]
[EventType "swiss"]
[EventRounds "7"]
[EventCountry "GER"]
[Source "Th. Schwetlick"]
[SourceDate "2003.08.28"]

1. Nf3 f5 2. c4 Nf6 3. g3 b6 4. b3 Bb7 5. Bg2 e6 6. O-O Be7 7. Bb2 O-O 8. d4
Qe8 9. Nc3 d6 10. Re1 Ne4 11. d5 Nxc3 12. Bxc3 e5 13. Qd2 Qh5 14. e3 Nd7 15.
Qe2 a5 16. Nd2 Qh6 17. e4 f4 18. Nf3 fxg3 19. fxg3 Nc5 20. Bd2 Qh5 21. b4 axb4
22. Bxb4 Na6 23. Ba3 Bc8 24. Rf1 Bg4 25. Qd3 Nb8 26. Qc3 Nd7 27. Rf2 Rf7 28.
Raf1 Raf8 29. Qe3 Rf6 30. h4 h6 31. Nh2 Rxf2 32. Rxf2 Nf6 33. Bf3 Bxf3 34. Qxf3
Qxf3 35. Rxf3 Nxe4 36. Rxf8+ Kxf8 0-1

[Event "Open 2003 des PSV Rostock"]
[Site "Rostock"]
[Date "2003.08.29"]
[Round "3.15"]
[White "Sonnenberger, Kirsten"]
[Black "Hamann, Dirk"]
[Result "0-1"]
[WhiteElo "2052"]
[BlackElo "1709"]
[PlyCount "122"]
[EventDate "2003.08.28"]
[EventType "swiss"]
[EventRounds "7"]
[EventCountry "GER"]
[Source "Th. Schwetlick"]
[SourceDate "2003.08.28"]

1. e4 e5 2. Nc3 Nf6 3. f4 d5 4. exd5 Nxd5 5. Qe2 Nxf4 6. Qxe5+ Qe7 7. Qxe7+
Bxe7 8. d4 Ng6 9. Bd3 c6 10. Nf3 O-O 11. O-O Be6 12. Ne4 Nd7 13. c4 Nb6 14. b3
Rad8 15. Be3 h6 16. Rae1 Bg4 17. Bc2 Rfe8 18. h3 Be6 19. Ng3 Bb4 20. Re2 Nxc4
21. Bxg6 Nxe3 22. Rxe3 fxg6 23. Ne2 Bf5 24. Ne5 Bd6 25. g4 Bxe5 26. dxe5 Bd3
27. Rf2 Bxe2 28. Rfxe2 Re6 29. Kg2 Rf8 30. Kg3 g5 31. Rd2 Rfe8 32. Rf2 Rxe5 33.
Rxe5 Rxe5 34. Rd2 Re7 35. Rd8+ Kf7 36. Rd6 Re2 37. Rd7+ Re7 38. Rd6 c5 39. Rd5
b6 40. Rd6 Ke8 41. Rd2 Rd7 42. Re2+ Kd8 43. Re3 Rf7 44. Re4 Kd7 45. Re2 Kc6 46.
Rd2 Kb5 47. a3 Kc6 48. Rd3 b5 49. Rd8 c4 50. bxc4 bxc4 51. Rc8+ Kd5 52. Rd8+
Ke4 53. Rc8 Kd3 54. Rd8+ Kc2 55. Rc8 c3 56. a4 Kb3 57. a5 c2 58. Rb8+ Ka2 59.
Rc8 Kb1 60. Rb8+ Kc1 61. Re8 Rb7 0-1

[Event "Open 2003 des PSV Rostock"]
[Site "Rostock"]
[Date "2003.08.29"]
[Round "3.16"]
[White "Raitza, Egon"]
[Black "Luetje, Juergen"]
[Result "1/2-1/2"]
[WhiteElo "1684"]
[BlackElo "2042"]
[PlyCount "61"]
[EventDate "2003.08.28"]
[EventType "swiss"]
[EventRounds "7"]
[EventCountry "GER"]
[Source "Th. Schwetlick"]
[SourceDate "2003.08.28"]

1. d4 d5 2. Nf3 Nf6 3. e3 e6 4. Bd3 Be7 5. Nbd2 Nbd7 6. O-O O-O 7. c3 c5 8. Re1
Re8 9. e4 cxd4 10. Nxd4 dxe4 11. Nxe4 Nxe4 12. Bxe4 Nf6 13. Bc2 Qa5 14. Qf3 Rd8
15. Bf4 Bd6 16. Bxd6 Rxd6 17. Rad1 Bd7 18. Qg3 Rd5 19. Bb3 Rg5 20. Qd6 Qc5 21.
Nf3 Qxd6 22. Rxd6 Rc5 23. Red1 Be8 24. Rd8 Rcc8 25. R8d4 Kf8 26. Ne5 Ke7 27. f3
Rd8 28. Kf2 Rxd4 29. Rxd4 Rd8 30. Rxd8 Kxd8 31. c4 1/2-1/2

[Event "Open 2003 des PSV Rostock"]
[Site "Rostock"]
[Date "2003.08.29"]
[Round "3.17"]
[White "Suliga, Eckhard"]
[Black "Kuprat, Thomas"]
[Result "0-1"]
[WhiteElo "1661"]
[BlackElo "2012"]
[PlyCount "62"]
[EventDate "2003.08.28"]
[EventType "swiss"]
[EventRounds "7"]
[EventCountry "GER"]
[Source "Th. Schwetlick"]
[SourceDate "2003.08.28"]

1. e4 e6 2. d4 d5 3. Nc3 Bb4 4. e5 c5 5. a3 Bxc3+ 6. bxc3 Ne7 7. Qg4 Qc7 8.
Qxg7 Rg8 9. Qxh7 cxd4 10. Ne2 Nbc6 11. f4 Bd7 12. Qd3 dxc3 13. Nxc3 a6 14. Rb1
Rc8 15. h4 Nf5 16. Rh3 Nce7 17. h5 Nh6 18. Kd1 Ng4 19. Qd2 Nf5 20. Rb3 Qc5 21.
Ke1 Bc6 22. Bd3 Qg1+ 23. Bf1 d4 24. Nd1 Be4 25. Rbd3 Nge3 26. Qf2 Qxf1+ 27.
Qxf1 Nxf1 28. Kxf1 Bxg2+ 29. Ke2 Bxh3 30. Rxh3 Rxc2+ 31. Bd2 Rg1 0-1

[Event "Open 2003 des PSV Rostock"]
[Site "Rostock"]
[Date "2003.08.29"]
[Round "3.18"]
[White "Loeke, Patrick"]
[Black "Resnjanskij, Denis"]
[Result "1/2-1/2"]
[WhiteElo "1655"]
[BlackElo "1953"]
[PlyCount "134"]
[EventDate "2003.08.28"]
[EventType "swiss"]
[EventRounds "7"]
[EventCountry "GER"]
[Source "Th. Schwetlick"]
[SourceDate "2003.08.28"]

1. e4 d5 2. exd5 Qxd5 3. Nc3 Qa5 4. d4 c6 5. Bc4 Nf6 6. Nf3 Bf5 7. Bd2 e6 8.
Bb3 Nbd7 9. Qe2 Bb4 10. O-O O-O 11. Nh4 Bg6 12. Nxg6 hxg6 13. a3 Bxc3 14. Bxc3
Qc7 15. Rad1 Rfe8 16. Rfe1 Rad8 17. Rd3 Nd5 18. Bxd5 cxd5 19. Qg4 Nf6 20. Qh4
a5 21. Rh3 Kf8 22. Qh8+ Ke7 23. Qxg7 Rg8 24. Qh6 Rh8 25. Qe3 b6 26. Re2 Qc4 27.
Rxh8 Rxh8 28. h3 Qc7 29. f3 Nh5 30. Qe5 Qxe5 31. dxe5 Rc8 32. Bd4 Ng3 33. Rd2
Rc6 34. Bf2 Nf5 35. g4 Ng7 36. Kf1 Ne8 37. Ke2 b5 38. Kd1 Nc7 39. Bd4 Na6 40.
h4 Nb8 41. Rd3 Rc8 42. f4 Nc6 43. Bf2 Kd7 44. Kd2 Rb8 45. Rh3 Ne7 46. h5 gxh5
47. gxh5 Rh8 48. Ke3 Nf5+ 49. Kf3 Kc6 50. b4 a4 51. Kg4 Rg8+ 52. Kf3 Rh8 53. c3
Kd7 54. Rh1 Rh7 55. Rh2 Rh8 56. Be3 Ke8 57. Bf2 Kf8 58. Bh4 Nxh4+ 59. Rxh4 Kg7
60. Ke3 Kh6 61. Rh3 Rg8 62. Kd4 Rc8 63. Kd3 Rc4 64. Rh4 Rc8 65. Rh3 Rc4 66. Rh4
Re4 67. Kd2 Rc4 1/2-1/2

[Event "Open 2003 des PSV Rostock"]
[Site "Rostock"]
[Date "2003.08.29"]
[Round "3.19"]
[White "Brack, Peter"]
[Black "Krueger, Alexander"]
[Result "1/2-1/2"]
[WhiteElo "1916"]
[BlackElo "1640"]
[PlyCount "129"]
[EventDate "2003.08.28"]
[EventType "swiss"]
[EventRounds "7"]
[EventCountry "GER"]
[Source "Th. Schwetlick"]
[SourceDate "2003.08.28"]

1. Nf3 Nc6 2. c4 e6 3. g3 d5 4. b3 Nf6 5. Bg2 d4 6. Bb2 e5 7. d3 Bf5 8. Nbd2
Qd7 9. h3 Bd6 10. a3 O-O-O 11. Ng5 h6 12. Nge4 Nxe4 13. Nxe4 Bxe4 14. Bxe4 f5
15. Bf3 g5 16. g4 Ne7 17. Qc2 c6 18. O-O-O Kb8 19. Kb1 Rdf8 20. Rdg1 Ng6 21.
gxf5 Qxf5 22. Be4 Qe6 23. Bxg6 Qxg6 24. f3 Rh7 25. Bc1 Qe6 26. Qd1 Be7 27. Qe1
Rhh8 28. Qg3 Qf5 29. Bb2 Kc8 30. Qg4 Kc7 31. Rg2 Kd7 32. Qxf5+ Rxf5 33. Bc1
Rff8 34. Kb2 Ke6 35. Bd2 b6 36. Bb4 c5 37. Bd2 a6 38. Be1 Bd8 39. Kc2 Be7 40.
b4 Rb8 41. Rg4 h5 42. Rg2 h4 43. Rhg1 Kf5 44. Bd2 Rhg8 45. Rg4 Rbe8 46. Rb1 Rb8
47. Be1 b5 48. Bd2 Rgc8 49. bxc5 bxc4 50. Rxb8 cxd3+ 51. Kxd3 Rxb8 52. Bb4 Rc8
53. Rg1 a5 54. Bxa5 Rxc5 55. Bb4 Rc7 56. Bxe7 Rxe7 57. e3 dxe3 58. Kxe3 Rb7 59.
a4 Rb3+ 60. Kf2 Rb2+ 61. Ke3 Ra2 62. Rg4 Rh2 63. Rg1 Ra2 64. Rg4 Kf6 65. Rc4
1/2-1/2

[Event "Open 2003 des PSV Rostock"]
[Site "Rostock"]
[Date "2003.08.29"]
[Round "3.20"]
[White "Ernst, Mathias"]
[Black "Ott, Mathias"]
[Result "0-1"]
[WhiteElo "1612"]
[BlackElo "1899"]
[PlyCount "84"]
[EventDate "2003.08.28"]
[EventType "swiss"]
[EventRounds "7"]
[EventCountry "GER"]
[Source "Th. Schwetlick"]
[SourceDate "2003.08.28"]

1. e4 c5 2. Nf3 d6 3. d4 cxd4 4. Nxd4 Nf6 5. Nc3 a6 6. Be2 e6 7. O-O Be7 8. Qd3
O-O 9. g4 h6 10. Kh1 b5 11. Qh3 Bb7 12. f3 Nh7 13. Bd3 Nd7 14. Nce2 d5 15. exd5
Bxd5 16. Nf4 Ng5 17. Qg2 Bb7 18. h4 Ne5 19. hxg5 Qxd4 20. c3 Qd6 21. Bc2 Bxg5
22. Nh3 Bxc1 23. Raxc1 Nc4 24. Rcd1 Qe7 25. Qe2 Nxb2 26. g5 Nxd1 27. Qd3 g6 28.
Qxd1 Rfd8 29. Qb1 Kh7 30. Qe1 hxg5 31. Qe3 Rd5 32. Rg1 g4 33. Rxg4 Rh5 34. Kg2
Kg7 35. Ng5 Rah8 36. Qe5+ Kg8 37. Qb8+ Qf8 38. Qxb7 Rh2+ 39. Kf1 Rh1+ 40. Rg1
Rxg1+ 41. Kxg1 Qc5+ 42. Kf1 Qxg5 0-1

[Event "Open 2003 des PSV Rostock"]
[Site "Rostock"]
[Date "2003.08.29"]
[Round "3.21"]
[White "Dekker, Theus"]
[Black "Niessner, Robert"]
[Result "1-0"]
[WhiteElo "1852"]
[BlackElo "1533"]
[PlyCount "25"]
[EventDate "2003.08.28"]
[EventType "swiss"]
[EventRounds "7"]
[EventCountry "GER"]
[Source "Th. Schwetlick"]
[SourceDate "2003.08.28"]

1. c4 e6 2. Nc3 d5 3. d4 c6 4. e4 Bb4 5. cxd5 cxd5 6. e5 Ne7 7. Bd3 Bxc3+ 8.
bxc3 b6 9. Nf3 O-O 10. Bxh7+ Kh8 11. Ng5 g6 12. Qf3 Kg7 13. Qf6+ 1-0

[Event "Open 2003 des PSV Rostock"]
[Site "Rostock"]
[Date "2003.08.29"]
[Round "3.22"]
[White "Laser, Dirk"]
[Black "Mueggenburg, Rolf"]
[Result "1-0"]
[WhiteElo "1801"]
[BlackElo "1460"]
[PlyCount "57"]
[EventDate "2003.08.28"]
[EventType "swiss"]
[EventRounds "7"]
[EventCountry "GER"]
[Source "Th. Schwetlick"]
[SourceDate "2003.08.28"]

1. e4 d5 2. exd5 Qxd5 3. Nc3 Qa5 4. b4 Qxb4 5. Rb1 Qa5 6. Rb5 Qa6 7. Rb3 Qe6+
8. Be2 c6 9. Nf3 Nh6 10. O-O Nd7 11. d4 Nb6 12. Ng5 Qd7 13. Ba3 e6 14. Bxf8
Kxf8 15. Nce4 Nf5 16. Nf3 Nd5 17. Qd2 b6 18. c4 Nf6 19. Nxf6 gxf6 20. Rd1 Bb7
21. Qb2 Rg8 22. a4 Ba6 23. a5 Nd6 24. axb6 axb6 25. Ra1 Kg7 26. Rba3 Qb7 27.
Nd2 Ra7 28. Qc3 Rga8 29. Qg3+ 1-0

[Event "Open 2003 des PSV Rostock"]
[Site "Rostock"]
[Date "2003.08.29"]
[Round "3.23"]
[White "Roehl, Ivonne"]
[Black "Feige, Rene"]
[Result "1/2-1/2"]
[WhiteElo "1588"]
[BlackElo "1796"]
[PlyCount "93"]
[EventDate "2003.08.28"]
[EventType "swiss"]
[EventRounds "7"]
[EventCountry "GER"]
[Source "Th. Schwetlick"]
[SourceDate "2003.08.28"]

1. d4 Nf6 2. c4 g6 3. Nc3 d5 4. e3 Bg7 5. Nf3 O-O 6. Bd2 c6 7. cxd5 Nxd5 8. Rc1
Nd7 9. Bd3 e5 10. Nxd5 cxd5 11. dxe5 Nxe5 12. Nxe5 Bxe5 13. Bc3 Re8 14. Bxe5
Rxe5 15. O-O Qd6 16. Be2 Bd7 17. Qb3 Bc6 18. Rfd1 Rc8 19. Rd4 Qe6 20. Bf3 f5
21. Rcd1 Rd8 22. Qa3 a6 23. Qa5 Rd7 24. a4 Kg7 25. b4 f4 26. Rxf4 Rxe3 27. b5
axb5 28. Bg4 Qe5 29. fxe3 Qxe3+ 30. Rf2 Rf7 31. Qe1 Qxe1+ 32. Rxe1 bxa4 33.
Rxf7+ Kxf7 34. Be2 Ke6 35. Bb5+ Kd6 36. Bxc6 Kxc6 37. Rb1 b5 38. Rc1+ Kb6 39.
Kf2 Ka5 40. Ke3 a3 41. Kd4 Ka4 42. Kxd5 a2 43. Ra1 Ka3 44. Kc5 b4 45. Rxa2+
Kxa2 46. Kxb4 Kb2 47. Kc4 1/2-1/2

[Event "Open 2003 des PSV Rostock"]
[Site "Rostock"]
[Date "2003.08.29"]
[Round "3.24"]
[White "Ehlers, Michael"]
[Black "Jaeger, Frank"]
[Result "0-1"]
[WhiteElo "1340"]
[BlackElo "1780"]
[PlyCount "64"]
[EventDate "2003.08.28"]
[EventType "swiss"]
[EventRounds "7"]
[EventCountry "GER"]
[Source "Th. Schwetlick"]
[SourceDate "2003.08.28"]

1. f4 e5 2. e4 Bc5 3. Nf3 Nc6 4. Nc3 d6 5. Na4 Bb6 6. Nxb6 axb6 7. Bc4 Nf6 8.
O-O Na5 9. Qe2 Nxc4 10. Qxc4 Be6 11. Qb4 Ra5 12. d3 exf4 13. Bxf4 O-O 14. Bd2
Qd7 15. Qd4 Rh5 16. h3 Bxh3 17. gxh3 Qxh3 18. Kf2 c5 19. Qxd6 Ng4+ 20. Ke1 Qg2
21. Qf4 g5 22. Nxg5 Rh2 23. Kd1 Ne3+ 24. Qxe3 Qxf1+ 25. Qe1 Qg2 26. Qe3 h6 27.
Nf3 Qg4 28. Kc1 Rh3 29. Qg1 Rg3 30. Qf2 Rxf3 31. Qe2 Qg1+ 32. Be1 Re3 0-1

[Event "Open 2003 des PSV Rostock"]
[Site "Rostock"]
[Date "2003.08.29"]
[Round "3.25"]
[White "Roehl, Rainer"]
[Black "Burghardt, Bernd"]
[Result "1-0"]
[WhiteElo "2180"]
[BlackElo "1663"]
[PlyCount "43"]
[EventDate "2003.08.28"]
[EventType "swiss"]
[EventRounds "7"]
[EventCountry "GER"]
[Source "Th. Schwetlick"]
[SourceDate "2003.08.28"]

1. d4 Nf6 2. c4 g6 3. Nc3 Bg7 4. e4 d6 5. h3 O-O 6. Nge2 e5 7. d5 a5 8. g4 Na6
9. Ng3 Nc5 10. Bg5 h6 11. Be3 Nh7 12. h4 Rb8 13. Be2 c6 14. Qd2 Qc7 15. Bxh6
Nf6 16. h5 Bxg4 17. Bxg7 Kxg7 18. Qg5 Bxe2 19. Nf5+ Kg8 20. hxg6 Nd3+ 21. Kd2
Nxe4+ 22. Nxe4 1-0

[Event "Open 2003 des PSV Rostock"]
[Site "Rostock"]
[Date "2003.08.29"]
[Round "3.26"]
[White "Oelke, Bernd"]
[Black "Heinisch, Uwe"]
[Result "1/2-1/2"]
[WhiteElo "1826"]
[BlackElo "1622"]
[PlyCount "108"]
[EventDate "2003.08.28"]
[EventType "swiss"]
[EventRounds "7"]
[EventCountry "GER"]
[Source "Th. Schwetlick"]
[SourceDate "2003.08.28"]

1. e4 d6 2. d4 Nf6 3. f3 Nbd7 4. c4 e5 5. d5 Be7 6. Be3 Nf8 7. Ne2 Ng6 8. Nc1
Nd7 9. Nd3 Bg5 10. Qd2 Bxe3 11. Qxe3 O-O 12. Nd2 f5 13. Be2 fxe4 14. Nxe4 Nf4
15. Qf2 Nxd3+ 16. Bxd3 Nf6 17. O-O-O Nxe4 18. Bxe4 Bf5 19. Rde1 Qg5+ 20. Qd2
Qxd2+ 21. Kxd2 b6 22. Re3 Bxe4 23. Rxe4 Rf7 24. Rhe1 Raf8 25. Kc3 Rf4 26. Kb4
Rxe4 27. Rxe4 a6 28. Re3 Kf7 29. Ra3 Ra8 30. Kc3 Ke7 31. b4 Kd7 32. Kd3 Ke7 33.
Ke4 Kf6 34. Rc3 Ke7 35. h4 Kd7 36. a4 a5 37. b5 Rf8 38. g3 Ke7 39. Ke3 Rf6 40.
Kf2 Kf8 41. Re3 Kf7 42. Re4 Kf8 43. Ke3 Rf7 44. Rg4 Rf6 45. Re4 Rf7 46. g4 Rf6
47. Kf2 Rf7 48. Kg3 g6 49. f4 exf4+ 50. Rxf4 Rxf4 51. Kxf4 Kg7 52. Kg5 h6+ 53.
Kf4 Kf6 54. h5 Kg7 1/2-1/2

[Event "Open 2003 des PSV Rostock"]
[Site "Rostock"]
[Date "2003.08.29"]
[Round "3.27"]
[White "Schmidt, Wolfgang"]
[Black "Glebow, Roman"]
[Result "1-0"]
[WhiteElo "1776"]
[BlackElo "1498"]
[PlyCount "59"]
[EventDate "2003.08.28"]
[EventType "swiss"]
[EventRounds "7"]
[EventCountry "GER"]
[Source "Th. Schwetlick"]
[SourceDate "2003.08.28"]

1. d4 e6 2. e3 d5 3. Nf3 Nf6 4. Bd3 Bd6 5. Nbd2 O-O 6. O-O Nbd7 7. e4 dxe4 8.
Nxe4 Nxe4 9. Bxe4 Nf6 10. Bg5 h6 11. Bxf6 Qxf6 12. c3 Rd8 13. Qe2 Kh8 14. Rad1
Rb8 15. Ne5 Bd7 16. f4 Qe7 17. Qh5 Kg8 18. Rf3 f5 19. Bc2 Bxe5 20. fxe5 Qg5 21.
Qh3 Be8 22. Bb3 Bh5 23. Rxf5 Bg4 24. Rxg5 Bxh3 25. Rg6 Kf7 26. Rg3 Bf5 27. Rf1
g6 28. Rgf3 Ke8 29. g4 Bxg4 30. Rf8+ 1-0

[Event "Open 2003 des PSV Rostock"]
[Site "Rostock"]
[Date "2003.08.29"]
[Round "3.28"]
[White "Roesch, Christian"]
[Black "Illgen, Alexander"]
[Result "0-1"]
[WhiteElo "1550"]
[BlackElo "1774"]
[PlyCount "62"]
[EventDate "2003.08.28"]
[EventType "swiss"]
[EventRounds "7"]
[EventCountry "GER"]
[Source "Th. Schwetlick"]
[SourceDate "2003.08.28"]

1. d4 Nf6 2. c4 g6 3. Nc3 Bg7 4. e4 d6 5. f4 O-O 6. Nf3 c5 7. dxc5 dxc5 8. Qc2
Nc6 9. Be3 b6 10. Rd1 Qc7 11. Be2 Ng4 12. Bc1 Nb4 13. Qb1 Rd8 14. O-O Bb7 15.
h3 Nf6 16. a3 Nc6 17. e5 Nh5 18. Nd5 Qc8 19. Ng5 Ng3 20. Bg4 Nf5 21. Ne4 h5 22.
Bxf5 Qxf5 23. Be3 Kf8 24. Kh2 Na5 25. Rg1 Nxc4 26. g4 hxg4 27. hxg4 Qc8 28.
Nec3 e6 29. Nxb6 axb6 30. Bf2 Nd2 31. Qc2 Nf3+ 0-1

[Event "Open 2003 des PSV Rostock"]
[Site "Rostock"]
[Date "2003.08.29"]
[Round "3.30"]
[White "Wessolek, Peter"]
[Black "Gebert, Ralf"]
[Result "0-1"]
[WhiteElo "1492"]
[BlackElo "1815"]
[PlyCount "98"]
[EventDate "2003.08.28"]
[EventType "swiss"]
[EventRounds "7"]
[EventCountry "GER"]
[Source "Th. Schwetlick"]
[SourceDate "2003.08.28"]

1. e4 e5 2. f4 Bc5 3. Nf3 d6 4. Bc4 Nf6 5. fxe5 dxe5 6. d3 Bg4 7. Bg5 Nbd7 8.
Rf1 Qe7 9. a3 O-O-O 10. Nbd2 h6 11. Bh4 Nb6 12. Ba2 Be3 13. Bf2 Bxd2+ 14. Qxd2
Nxe4 15. Qe3 Nxf2 16. Rxf2 f6 17. h3 Bxf3 18. gxf3 Rhe8 19. O-O-O Kb8 20. Rfd2
Nc8 21. b4 Nd6 22. Bd5 Nb5 23. Bb3 Nxa3 24. c3 Nb5 25. Kc2 Nd6 26. Ra1 Nc8 27.
Kc1 Rd6 28. Bc4 Red8 29. Rda2 Rb6 30. b5 Qd7 31. Kc2 Qxh3 32. Bf7 Qh2+ 33. Kd1
Qf4 34. Qe2 Rxb5 35. Kc2 Qf5 36. Bc4 Rb6 37. Ra5 h5 38. Bd5 h4 39. Be4 Qe6 40.
c4 a6 41. Bd5 Qd7 42. c5 Rb5 43. Rxb5 Qxb5 44. Rb1 Qxc5+ 45. Bc4 Nd6 46. Kb3
Nxc4 47. dxc4 Qd4 48. Ka4 Qd3 49. Qa2 Qxf3 0-1

[Event "Open 2003 des PSV Rostock"]
[Site "Rostock"]
[Date "2003.08.29"]
[Round "3.31"]
[White "Kasper, Mike"]
[Black "Uphoff, Juergen"]
[Result "1-0"]
[WhiteElo "1794"]
[BlackElo "1413"]
[PlyCount "45"]
[EventDate "2003.08.28"]
[EventType "swiss"]
[EventRounds "7"]
[EventCountry "GER"]
[Source "Th. Schwetlick"]
[SourceDate "2003.08.28"]

1. e4 c6 2. d4 d5 3. exd5 cxd5 4. Bd3 Nf6 5. Nf3 Bg4 6. O-O Bxf3 7. Qxf3 e6 8.
Bg5 Be7 9. Nd2 O-O 10. Qh3 Nbd7 11. Rae1 g6 12. Nf3 Nh5 13. Bh6 Ng7 14. Re2 Nf6
15. Rfe1 Re8 16. c3 Kh8 17. Ng5 Kg8 18. Bxg7 Kxg7 19. Rxe6 Nh5 20. R6e5 h6 21.
Bb5 Rf8 22. Rxe7 Qb6 23. Ne6+ 1-0

[Event "Open 2003 des PSV Rostock"]
[Site "Rostock"]
[Date "2003.08.29"]
[Round "3.32"]
[White "Boettcher, Dietmar"]
[Black "Kupfer, Wilfried"]
[Result "1-0"]
[WhiteElo "1751"]
[BlackElo "1185"]
[PlyCount "71"]
[EventDate "2003.08.28"]
[EventType "swiss"]
[EventRounds "7"]
[EventCountry "GER"]
[Source "Th. Schwetlick"]
[SourceDate "2003.08.28"]

1. Nf3 d5 2. d4 Nf6 3. Bg5 Bf5 4. Nh4 Bg4 5. h3 Bh5 6. g4 Bg6 7. Nxg6 hxg6 8.
Bg2 e6 9. Nc3 Be7 10. Qd3 c6 11. O-O-O Nbd7 12. f4 Qa5 13. f5 e5 14. e4 exd4
15. Qxd4 Bc5 16. Qa4 Qb6 17. exd5 Be3+ 18. Bxe3 Qxe3+ 19. Kb1 O-O 20. dxc6 bxc6
21. Bxc6 Nb6 22. Qd4 Qxd4 23. Rxd4 Rac8 24. Bf3 gxf5 25. gxf5 Rfe8 26. Ne4 Nxe4
27. Rxe4 Red8 28. Rd1 Nd5 29. Red4 Nc3+ 30. bxc3 Rb8+ 31. Rb4 Rxd1+ 32. Bxd1
Re8 33. c4 Re1 34. Kc1 Rh1 35. c5 Rxh3 36. Rc4 1-0

[Event "Open 2003 des PSV Rostock"]
[Site "Rostock"]
[Date "2003.08.29"]
[Round "3.33"]
[White "Rath, Wolfgang"]
[Black "Deicke, Detlef"]
[Result "1-0"]
[WhiteElo "1730"]
[BlackElo "995"]
[PlyCount "51"]
[EventDate "2003.08.28"]
[EventType "swiss"]
[EventRounds "7"]
[EventCountry "GER"]
[Source "Th. Schwetlick"]
[SourceDate "2003.08.28"]

1. e4 g6 2. f4 Bg7 3. Nf3 d6 4. Bc4 Bg4 5. Bxf7+ Kf8 6. Bb3 Nf6 7. Nc3 Nc6 8.
h3 Bxf3 9. Qxf3 Nd4 10. Qf2 Nxb3 11. axb3 a6 12. O-O Ke8 13. d4 Rf8 14. Be3 d5
15. e5 Ne4 16. Nxe4 dxe4 17. Qh4 e6 18. Qxh7 Kf7 19. d5 Qxd5 20. Rad1 Qc6 21.
f5 exf5 22. Bh6 Qc5+ 23. Kh1 Qb5 24. Qxg7+ Ke6 25. Qxg6+ Kxe5 26. Bg7+ 1-0

[Event "Open 2003 des PSV Rostock"]
[Site "Rostock"]
[Date "2003.08.29"]
[Round "4.1"]
[White "Gottschalk, Jens"]
[Black "Hueneburg, Christian"]
[Result "1/2-1/2"]
[WhiteElo "2195"]
[BlackElo "2268"]
[PlyCount "63"]
[EventDate "2003.08.28"]
[EventType "swiss"]
[EventRounds "7"]
[EventCountry "GER"]
[Source "Th. Schwetlick"]
[SourceDate "2003.08.28"]

1. d4 e6 2. e4 c5 3. d5 Nf6 4. Nc3 exd5 5. exd5 d6 6. Bd3 Be7 7. Nge2 Na6 8.
Ng3 Bd7 9. O-O O-O 10. Nf5 Bxf5 11. Bxf5 g6 12. Bd3 Nc7 13. f4 Nd7 14. f5 Bf6
15. Bf4 Be5 16. Qg4 Nf6 17. Qf3 Bxf4 18. Qxf4 Nfxd5 19. Qh6 Qf6 20. Ne4 Qg7 21.
Qh3 Ne8 22. Qf3 Rd8 23. Rad1 Qd4+ 24. Kh1 Qe3 25. Qg4 Nef6 26. Nxf6+ Nxf6 27.
Qh4 g5 28. Qh6 Ng4 29. Qh5 Nf6 30. Qh6 Ng4 31. Qh5 Nf6 32. Qh6 1/2-1/2